00790nam a2200217 i 4500001000700000003000900007005001700016007000300033008004100036100004200077245010500119250001200224260004400236300005400280490004500334610002600379651005500405710003500460830004500495852003200540132485ES-MaACL20250911063552.0t|070214s1977 sp r ||||1| spa d1 aRomero Murube, Joaquín, d1904-196913aEl Alcázar de Sevilla b: guía turística / ccomentarios y notas de Joaquín Romero y Murube. a6ª ed. aMadrid : bPatrimonio Nacional, c1977. a131 p., 31 lám. : bil. = retr. aut. ; c17 cm.1 aGuías turísticas Patrimonio Nacional24aAlcázar de Sevilla. 4aSevilla-xEdificios, estructuras, etc.-vHistoria.2 aPatrimonio Nacional (España)0 aGuías turísticas Patrimonio Nacional aES-MaACLjL-5540 bR.106007